000 00312nam a22001337a 4500
008 170221b xxu||||| |||| 00| 0 eng d
020 _a9781572245358
041 _aeng
080 _25 ED
_a615
100 _a5
101 _aSHF
245 _aHANBOOK OF CLINICAL PSYCHOPHARAMCOLGY
_cJ..D PRESTON
942 _2udc
_cBK
999 _c5934
_d5934